| 000 | 00568nam a2200169 a 4500 | ||
|---|---|---|---|
| 001 | 000043108 | ||
| 005 | 20201002040638.0 | ||
| 008 | 140219s1998 sp ac 000 0 spa d | ||
| 020 | _a8495080001 | ||
| 040 |
_aDO-SdBNP _bspa _cBNPHU |
||
| 100 | 1 |
_aUtrera Macías, Rafael _970642 |
|
| 245 | 1 | 0 |
_aAzorín : _bperiodismo Cinematográfico. / _cRafael Utrera Macías. |
| 260 |
_aBarcelona, : _bFilm ideal, _c1998. |
||
| 300 |
_a257 p. : _bil. ; _c22 cm. |
||
| 504 | _aBibliografía p: 251-257 | ||
| 500 | _aIncluye datos biografícos del autor en la solapa de la contraportada. | ||
| 999 |
_c42597 _d42597 |
||